00226nam a22000977a 4500003000400000082001700004100002600021245003800047260003500085300000800120SGT a616.85bH07F aFRIEDMAN, TERENCE M.  aHB. OF PTSD SCIENCE AND PRACTICE  aNEW YORK bTHE GUILFORD c2007 a592